000 00762nam a22002417a 4500
001 12491
003 HDC
007 ca aa aaaaaaaa
008 210201c20151203my ||||es|||| 00| | eng d
040 _aHDC
100 _aSiti Nursuraya Ali
_eAuthor
_913105
245 0 _aIslamic tourism standard adopted /
_cSiti Nursuraya Ali
336 _atext
_2rdacontent
337 _acomputer
_2rdamedia
338 _aonline resource
_2rdacarrier
650 _aIslamic
_96857
650 _aTourism
_9880
710 _aNew Straits Times
856 _zRequest full-text at [email protected]
942 _2lcc
942 _cNEWS
942 _kNWSC 001832
999 _c9814
_d9814